Guardians of the galaxy, Awesome mix. Vol. 1. (Record no. 486)

MARC details
000 -LEADER
fixed length control field 00301nam a2200121 a 4500
005 - DATE AND TIME OF LATEST TRANSACTION
control field 20260322212022.0
008 - FIXED-LENGTH DATA ELEMENTS--GENERAL INFORMATION
fixed length control field data
092 ## - LOCALLY ASSIGNED DEWEY CALL NUMBER (OCLC)
Classification number 110
001 - CONTROL NUMBER
control field data
100 1# - MAIN ENTRY--PERSONAL NAME
Personal name Norman Greenbaum
245 10 - TITLE STATEMENT
Title Guardians of the galaxy, Awesome mix. Vol. 1.
Statement of responsibility, etc. Norman Greenbaum.
260 ## - PUBLICATION, DISTRIBUTION, ETC.
Place of publication, distribution, etc. Burbank, CA
Name of publisher, distributor, etc. Hollywood Records
Date of publication, distribution, etc. 2014
Holdings
Withdrawn status Lost status Damaged status Not for loan Home library Current library Shelving location Date acquired Total checkouts Full call number Barcode Date last seen Price effective from Koha item type
        Franklin Franklin General stacks 22/03/2026   GEN BC0010497 22/03/2026 22/03/2026 Books